|
|
|
|
| LEADER |
03400nam a2200529 4500 |
| 001 |
978-3-030-14019-9 |
| 003 |
DE-He213 |
| 005 |
20191017144551.0 |
| 007 |
cr nn 008mamaa |
| 008 |
191017s2019 gw | s |||| 0|eng d |
| 020 |
|
|
|a 9783030140199
|9 978-3-030-14019-9
|
| 024 |
7 |
|
|a 10.1007/978-3-030-14019-9
|2 doi
|
| 040 |
|
|
|d GrThAP
|
| 050 |
|
4 |
|a PN2000-3307
|
| 072 |
|
7 |
|a AN
|2 bicssc
|
| 072 |
|
7 |
|a PER011000
|2 bisacsh
|
| 072 |
|
7 |
|a ATD
|2 thema
|
| 082 |
0 |
4 |
|a 792
|2 23
|
| 100 |
1 |
|
|a Hunter, Lynette.
|e author.
|4 aut
|4 http://id.loc.gov/vocabulary/relators/aut
|
| 245 |
1 |
0 |
|a Politics of Practice
|h [electronic resource] :
|b A Rhetoric of Performativity /
|c by Lynette Hunter.
|
| 250 |
|
|
|a 1st ed. 2019.
|
| 264 |
|
1 |
|a Cham :
|b Springer International Publishing :
|b Imprint: Palgrave Macmillan,
|c 2019.
|
| 300 |
|
|
|a XIII, 278 p. 30 illus.
|b online resource.
|
| 336 |
|
|
|a text
|b txt
|2 rdacontent
|
| 337 |
|
|
|a computer
|b c
|2 rdamedia
|
| 338 |
|
|
|a online resource
|b cr
|2 rdacarrier
|
| 347 |
|
|
|a text file
|b PDF
|2 rda
|
| 490 |
1 |
|
|a Performance Philosophy
|
| 505 |
0 |
|
|a 1. Introduction -- 2. The Sociocultural and the Sociosituated -- 3. The Alongside -- 4. Sustaining Sociosituated Performativity with Collaboration -- 5. Transition - Critical Reflections -- 6. Keith Hennessy's Sol Niger, and Turbulence -- 7. Ilya Noé's Deerwalk -- 8. Caro Novella's parèntesi, and Resistencias Sonoras -- 9. duskin drum - Selections from performance artmaking -- 10. Completed Notes - Finding Critical Form.
|
| 520 |
|
|
|a This book discusses affective practices in performance through the study of four contemporary performers - Keith Hennessy, Ilya Noé, Caro Novella, and duskin drum - to suggest a tentative rhetoric of performativity generating political affect and permeating attempts at social justice that are often alterior to discourse. The first part of the book makes a case for the political work done alongside discourse by performers practising with materials that are not-known, in ways that are directly relevant to people carrying out their daily lives. In the second part of the book, four case study chapters circle around figures of irresolvable paradox - hendiadys, enthymeme, anecdote, allegory - that gesture to what is not-known, to study strategies for processes of becoming, knowing and valuing. These figures also shape some elements of these performances that make up a suggested rhetorical stance for performativity.
|
| 650 |
|
0 |
|a Theater.
|
| 650 |
|
0 |
|a Performing arts.
|
| 650 |
|
0 |
|a Actors.
|
| 650 |
|
0 |
|a Aesthetics.
|
| 650 |
1 |
4 |
|a Contemporary Theatre.
|0 http://scigraph.springernature.com/things/product-market-codes/415040
|
| 650 |
2 |
4 |
|a Performing Arts.
|0 http://scigraph.springernature.com/things/product-market-codes/415030
|
| 650 |
2 |
4 |
|a Performers and Practitioners.
|0 http://scigraph.springernature.com/things/product-market-codes/415090
|
| 650 |
2 |
4 |
|a Aesthetics.
|0 http://scigraph.springernature.com/things/product-market-codes/E11000
|
| 710 |
2 |
|
|a SpringerLink (Online service)
|
| 773 |
0 |
|
|t Springer eBooks
|
| 776 |
0 |
8 |
|i Printed edition:
|z 9783030140182
|
| 776 |
0 |
8 |
|i Printed edition:
|z 9783030140205
|
| 776 |
0 |
8 |
|i Printed edition:
|z 9783030140212
|
| 830 |
|
0 |
|a Performance Philosophy
|
| 856 |
4 |
0 |
|u https://doi.org/10.1007/978-3-030-14019-9
|z Full Text via HEAL-Link
|
| 912 |
|
|
|a ZDB-2-LCM
|
| 950 |
|
|
|a Literature, Cultural and Media Studies (Springer-41173)
|